000 00701nam a2200217Ia 4500
008 191130s2003##################000#0#eng##
020 _a184169083X
022 _a2002032658
040 _aACL
_cACL
082 _a302.35 THO
245 _aThe social psychology of organizational behavior : key readings
_cedited by Leigh L. Thompson
260 _aHove ; East Sussex, [UK]
_bPsychology Press
_c2003
300 _axix, 441 p. : ill. ; 24 cm.
500 _aIncludes bibliographical references and indexes
650 _aOrganizational behavior
650 _aSocial psychology
700 _aThompson, Leigh L, ed
990 _ad705afb5ac10000c566c4b1366039253
991 _a9380
999 _c70508
_d70508